Water and Migration Crises – Atmospheric Water Generators and Vortex Engines As Potential Solution

Poukázanie na dôležitosť vodných zdrojov v súčasnom manažmente ľudských zdrojov. Potrebný výskum atmosferických vodných generátorov a technológií, ktoré sa dokážu prispôsobovať klimatickým zmenám ako qanatové systémy a tiež výskum atmosferických vortexových motorov.

Na minha lista:
Detalhes bibliográficos
Autor principal: Pachmann, Ales
Formato: Capítulo de Livro
Idioma:inglês
Assuntos:
Tags: Adicionar Tag
Sem tags, seja o primeiro a adicionar uma tag!

MARC

LEADER 00000nla a2200000 4500
001 0241926
005 20240417075135.5
041 0 |a eng 
044 |a CZ 
245 1 0 |a Water and Migration Crises – Atmospheric Water Generators and Vortex Engines As Potential Solution  |c Ales Pachmann 
520 |a Poukázanie na dôležitosť vodných zdrojov v súčasnom manažmente ľudských zdrojov. Potrebný výskum atmosferických vodných generátorov a technológií, ktoré sa dokážu prispôsobovať klimatickým zmenám ako qanatové systémy a tiež výskum atmosferických vortexových motorov. 
610 2 0 |a voda 
610 2 0 |a zdroje vodné 
610 2 0 |a migrácia 
610 2 0 |a zmeny klimatické 
610 2 0 |a kríza 
610 2 0 |a kríza energetická 
610 2 0 |a manažment personálny 
610 2 0 |a korupcia 
610 2 0 |a technológie nové 
610 2 0 |a technológia výroby 
610 2 0 |a zdroje energie 
100 1 |a Pachmann, Ales